000 00592nam a22002297a 4500
003 UA-OsUOA
001 41851
007 ta
008 20061016b un ||||| |||| 00| 0 ukr d
100 _aМихальчук П. А.
090 _a94(477)
_bМ69
942 _cBK
040 _aUA-OsUOA
_bukr
_cUA-OsUOA
_dUA-OsUOA
245 _aІсторія України
300 _a272 с.
955 _a2
041 _aukr
080 _a94(477)
260 _aТернопіль
_bАстон
_c2003
650 7 _a9 Географія. Біографії. Історія
_2UDC
999 _c327981
_d327981